<?xml version="1.0" encoding="UTF-8"?>
<marc:record xmlns:marc="http://www.loc.gov/MARC21/slim">
   <marc:leader>00000nam a2200000 a 4500</marc:leader>
   <marc:datafield ind1="1" ind2=" " tag="100">
      <marc:subfield code="a">Barton, Fiona</marc:subfield>
      <marc:subfield code="4">aut</marc:subfield>
      <marc:subfield code="e">Verfasser/-in</marc:subfield>
   </marc:datafield>
   <marc:datafield ind1="1" ind2=" " tag="100">
      <marc:subfield code="a">Längsfeld, Sabine</marc:subfield>
      <marc:subfield code="4">trl</marc:subfield>
      <marc:subfield code="e">Übersetzer/-in</marc:subfield>
   </marc:datafield>
   <marc:datafield ind1=" " ind2=" " tag="653">
      <marc:subfield code="a">Englische Literatur</marc:subfield>
   </marc:datafield>
   <marc:datafield ind1="0" ind2="0" tag="245">
      <marc:subfield code="a">Die Witwe</marc:subfield>
   </marc:datafield>
   <marc:datafield ind1="0" ind2="0" tag="245">
      <marc:subfield code="b">ein liebender Ehemann oder ein kaltblütiger Mörder ... Was weiß sie wirklich?</marc:subfield>
   </marc:datafield>
   <marc:datafield ind1="0" ind2="0" tag="245">
      <marc:subfield code="c">Fiona Barton. Aus dem Engl. von Sabine Längsfeld</marc:subfield>
   </marc:datafield>
   <marc:datafield ind1=" " ind2="1" tag="264">
      <marc:subfield code="a">Reinbek bei Hamburg</marc:subfield>
      <marc:subfield code="b">Wunderlich</marc:subfield>
      <marc:subfield code="c">2016</marc:subfield>
   </marc:datafield>
   <marc:datafield ind1=" " ind2=" " tag="250">
      <marc:subfield code="a">Dt. Erstausg., 1. Aufl.</marc:subfield>
   </marc:datafield>
   <marc:datafield ind1="1" ind2=" " tag="520">
      <marc:subfield code="a">Angaben aus der Verlagsmeldung &lt;br/&gt;&lt;br/&gt; Die Frau.&lt;br/&gt;Jean Taylor führt ein ganz normales Leben in einer englischen Kleinstadt: Sie hat ein hübsches Haus und einen netten Ehemann. Glen und sie führen eine gute Ehe. &lt;br/&gt;&lt;br/&gt;Der Mann.&lt;br/&gt;Dann kommt der Tag, der alles ändert: Sie nennen Glen jetzt das Monster. Er soll etwas Unsagbares getan haben. Und Jeans heile Welt zerbricht. &lt;br/&gt;&lt;br/&gt;Die Witwe.&lt;br/&gt;Jetzt liegt Glen auf dem Friedhof, und Jean ist zum ersten Mal allein. Allein und frei. Frei ihre Geschichte zu erzählen. &lt;br/&gt;Jean Taylor wird uns sagen, was sie weiß.&lt;br/&gt;&lt;br/&gt;Perfekt konstruierte psychologische Spannung und komplexe Charaktere, erzählt von einer authentischen Stimme.</marc:subfield>
   </marc:datafield>
   <marc:datafield ind1=" " ind2=" " tag="020">
      <marc:subfield code="a">9783805250979</marc:subfield>
      <marc:subfield code="9">9783805250979</marc:subfield>
   </marc:datafield>
   <marc:datafield ind1=" " ind2=" " tag="041">
      <marc:subfield code="a">ger</marc:subfield>
   </marc:datafield>
   <marc:datafield ind1=" " ind2=" " tag="300">
      <marc:subfield code="a">426 S.</marc:subfield>
   </marc:datafield>
</marc:record>
